EL CONTROL INTERNO Y TRATAMIENTO CONTABLE DE LAS DISPONIBILIDADES (Registro nro. 48256)
[ vista simple ]
| 000 -LEADER | |
|---|---|
| fixed length control field | 01090nam a2200193 a 4500 |
| 001 - CONTROL NUMBER | |
| control field | 48256 |
| 005 - DATE AND TIME OF LATEST TRANSACTION | |
| control field | 20180714032511.0 |
| 008 - FIXED-LENGTH DATA ELEMENTS--GENERAL INFORMATION | |
| fixed length control field | 140415s2004 bo 000 0 spa d |
| 041 ## - LANGUAGE CODE | |
| Language code of text/sound track or separate title | spa |
| 082 ## - DEWEY DECIMAL CLASSIFICATION NUMBER | |
| Classification number | 657.8 |
| Item number | CEN |
| 100 1# - MAIN ENTRY--PERSONAL NAME | |
| Personal name | CENTELLAS ESPAÑA, RUBEN |
| 245 13 - TITLE STATEMENT | |
| Title | EL CONTROL INTERNO Y TRATAMIENTO CONTABLE DE LAS DISPONIBILIDADES |
| 250 ## - EDITION STATEMENT | |
| Edition statement | 1a ed. |
| 260 ## - PUBLICATION, DISTRIBUTION, ETC. | |
| Place of publication, distribution, etc. | BOLIVIA : |
| Name of publisher, distributor, etc. | CENTRO DE ESTUDIOS EN CONTABILIDAD Y AUDITORIA, |
| Date of publication, distribution, etc. | 2004 |
| 300 ## - PHYSICAL DESCRIPTION | |
| Extent | 383 |
| Dimensions | 15.5 x 0.5 x 20.9 |
| 520 ## - SUMMARY, ETC. | |
| Summary, etc. | LAS EMPRESAS EN LA ACTUALIDAD ENFRENTAN UN AUMENTO EN LA GLOBALIZACION, LAS EXIGENCIAS DE UN LIDERAZGO ETICO Y SOCIALMENTE RESPONSABLE, CLIENTES CADA VEZ MAS EXIGENTES E INFORMADOS, LA NECESIDAD DE CONOCIMIENTOS POLIVALENTES EN EL CAPITAL HUMANO DE LA EMPRESA, EL SURGIMIENTO DE NUEVOS MODELOS EN LAS ORGANIZACIONES QUE RESALTAN LA IMPORTANCIA DE LA RAPIDEZ DE RESPUESTA ANTE LOS CAMBIOS EN EL AMBIENTE INTERNO Y DEL ENTORNO, NECESIDADES Y DESEOS CAMBIANTES EN LOS EMPLEADOS EN CUANTO A SEG |
| 650 14 - SUBJECT ADDED ENTRY--TOPICAL TERM | |
| Topical term or geographic name entry element | CONTABILIDAD |
| General subdivision | CONTROL INTERNO |
| 700 1# - ADDED ENTRY--PERSONAL NAME | |
| Personal name | GONZALES ALANES, CARLOS |
| Relator term | coaut. |
| Withdrawn status | Lost status | Source of classification or shelving scheme | Damaged status | Not for loan | Collection code | Home library | Current library | Shelving location | Date acquired | Source of acquisition | Inventory number | Total Checkouts | Full call number | Barcode | Date last seen | Price effective from | Koha item type |
|---|---|---|---|---|---|---|---|---|---|---|---|---|---|---|---|---|---|
| Dewey Decimal Classification | General | Biblioteca Karol Wojtyla | Biblioteca Karol Wojtyla | Sala general | 03/12/2013 | Compra | 151000000000000000020971 | 657.8 CEN | 72193 | 05/01/2026 | 03/12/2013 | Libro |